000 00500nam a2200217Ia 4500
003 OSt
005 20221005132107.0
006 a|||||r|||| 00| 0
007 ta
008 221004b |||||||| |||| 00| 0 eng d
024 _a119255
037 _cTextual
040 _aCRL
_cCRL
_beng
041 _2eng
_aeng
100 _aBrown W V
_9640596
245 0 _aTextbook of cytology
260 _c1969
650 _aGENERAL
_9592526
942 _cTEXL
_2cc
999 _c1062415
_d1062415